| 000 | 00715nam a2200253 i 4500 | ||
|---|---|---|---|
| 001 | 15494 | ||
| 003 | BD-RjUL | ||
| 005 | 20211208235828.0 | ||
| 008 | 140210s1979 nyua b 001 0 eng d | ||
| 020 | _a0442805225 | ||
| 035 | _a(BD-RjUL)15548 | ||
| 040 |
_aDLC _cDLC _dDLC _dBD-RjUL _beng |
||
| 041 | _aeng | ||
| 082 | 0 | 0 |
_a658.87 _bBAR 1979 |
| 100 | 1 |
_aBates, Albert D. _948122 |
|
| 245 | 1 | 0 |
_aRetailing and its environment / _cAlbert D. Bates. |
| 260 |
_aNew York : _bVan Nostrand, _cc1979. |
||
| 300 |
_avii, 310 p. : _bill. ; _c23 cm. |
||
| 504 | _aIncludes bibliographical references and index. | ||
| 650 | 0 |
_aRetail trade. _948123 |
|
| 942 |
_2ddc _cBK |
||
| 999 |
_c15494 _d15494 |
||